1338 1940 1750 1579 1230 1726 1539 1474 1761 1857 1343 1890 1200 1561 1043 1142 1645 1488 1007 1344 1124 1876 1473 1900 1107 1640 1188 1604 1504 1769 1100 1929 1992 1140 1482 1236 1555 1270 1463 1260 1927 1019 1430 1504 1789 1480 1183 1634 1825 1174 1258 1914 1524 1840 1354 1557 1001 1395 1200 1365 1172 1878 1253 1531 1285 1384 1116 1355 1481 1627 1296 1114 1760 1728 1409 1949 1938 1938 1337 1269 1174 1165 1951 1931 1716 1265 1741 1308 1891 1460 1129 1881 1233 1258 1287 1192 1180 1752 1879 BCNSPRNW ULIB Ver.6.0+V

เปลี่ยนเป็นภาษาไทย

Change to English
 แสดงรายละเอียดบรรณานุกรม
  กลับหน้าหลัก

Brief Record : Get Marc (ISO 2709) : E-mail record : QR code < ปิดหน้าต่าง
LEADER : 00000nam 2200000uu 4500
001    13399112561
003     ULIB
008    110627s2544||||th 000 0 tha d
099    วจ.WY18.5^bป168ค
100 0  ปนัดดา จั่นผ่อง
245 00 ความสัมพันธ์ระหว่างผลสัมฤทธิ์ทางการเรียน เจตคติต่อวิชาชีพพยาบาลกับความพร้อมในการเข้าสู่วิชาชีพพยาบาลของผู้สำเร็จการศึกษา วิทยาลัยพยาบาลบรมราชชนนี โรงการร่วมผลิตบัณฑิตพยาบาลศาสตร์ มหาวิทยาลัยนเรศวร ปีการศึกษา 2544/^cปนัดดา จั่นผ่อง
260    นครสวรรค์ :^bวิทยาลัยพยาบาล บรมราชชนนี สวรรค์ประชารักษ์,^c2544
300    59 หน้า
650  7 วิทยาลัยพยาบาล บรมราชชนนี สวรรค์ประชารักษ์
650  7 พยาบาล^xการศึกษา^xวิจัย
650  7 ความพร้อมในการเข้าสู่วิชาชีพพยาบาล
650  7 เจตคติต่อวิชาชีพพยาบาล
650  7 พยาบาลวิชาชีพ^xเจตคติ^xวิจัย
945    ^p0^l0^i019432
945    ^p0^l0^i014370
945    ^p0^l0^i019431
945    ^p0^l0^i014369
995    ทศพร
999 ^a ใช้งานได้ทุกระบบ
รายการนี้ยังไม่มีแท็ก
คุณยังไม่ได้ล็อกอิน คุณสามารถมีกิจกรรมร่วมกับเว็บไซต์ได้ แต่ต้องล็อกอินก่อน ::
  ล็อกอิน

รายการสื่อสารสนเทศ

ลำดับที่ ประเภท เลขเรียก/บาร์โค้ด สถานที่ สถานะ
- ไม่พบข้อมูล -

รายการใกล้เคียง
    ผู้แต่ง [ปนัดดา จั่นผ่อง]

    หัวเรื่อง [วิทยาลัยพยาบาล บรมราชชนนี สวรรค์ประชารักษ์]

BibComment


ยังไม่เคยถูกคอมเมนท์

คอมเมนท์ทรัพยากรรายการนี้
  คอมเมนท์: ความสัมพันธ์ระหว่..


 Copyright 2026. Bcnsprnw @Library